Central Library OPAC University of Rajshahi

Studies on the freshwater sponges of Bangldesh / (Record no. 80633)

MARC details
000 -LEADER
fixed length control field 00958nam a22002537a 4500
001 - CONTROL NUMBER
RUCL Control Number 80633
003 - CONTROL NUMBER IDENTIFIER
rucl marc code BD-RjUL
005 - DATE AND TIME OF LATEST TRANSACTION
control field 20221026161710.0
008 - FIXED-LENGTH DATA ELEMENTS--GENERAL INFORMATION
fixed length control field 221026s2009 bg a|||| m||| 00| 0 eng d
035 ## - SYSTEM CONTROL NUMBER
system control number (BD-RjUL)80633
040 ## - CATALOGING SOURCE
Original cataloging agency BD-RjUL
Language of cataloging eng
Transcribing agency BD-RjUL
Modifying agency BD-RjUL
041 ## - LANGUAGE CODE
Language code of Book eng
082 ## - DEWEY DECIMAL CLASSIFICATION NUMBER
DDC Edition number 23
Classification number 333.91095492
Author mark and Year ISS 2009
100 ## - MAIN ENTRY--PERSONAL NAME
Personal name Islam, Muhammad. Rafiqul
9 (RLIN) 5510
245 10 - TITLE STATEMENT
Title Studies on the freshwater sponges of Bangldesh /
Statement of responsibility, etc By Muhammad. Rafiqul Islam ;
Name of Supervisor/Co-Supervisor Supervisor : Md. Sohrad ali & Md. Abdul Mannan
260 ## - PUBLICATION, DISTRIBUTION, ETC. (IMPRINT)
Place of publication, distribution, etc Rajshahi :
Name of publisher, distributor, etc Institute of Biological Sciences, University of Rajshahi,
Date of publication, distribution, etc 2009
300 ## - PHYSICAL DESCRIPTION
Pagination xi, 125 leaves :
Other physical details ill, ;
Dimensions 29.cm.
502 ## - DISSERTATION NOTE
Dissertation note Thesis (Ph. D.) -- Institute of Biological Sciences, University of Rajshahi, 2009
504 ## - BIBLIOGRAPHY, ETC. NOTE
Bibliography, etc References : Leaves 119 - 124
650 ## - SUBJECT ADDED ENTRY--TOPICAL TERM
Topical term or geographic name as entry element Water
Geographic subdivision Bangladesh
9 (RLIN) 4970
700 ## - ADDED ENTRY--SUPERVISOR/CO-SUPERVISOR NAME
Personal name ali, Md. Sohrad,Supervisor
9 (RLIN) 5511
Personal name Mannan, Md. Abdul Supervisor
9 (RLIN) 3542
942 ## - ADDED ENTRY ELEMENTS (KOHA)
Source of classification or shelving scheme Dewey Decimal Classification
Koha item type Theses

No items available.